| 000 | 00667nam a2200217 a 4500 | ||
|---|---|---|---|
| 999 |
_c6845 _d6845 |
||
| 001 | 6845 | ||
| 003 | BD-JhCC | ||
| 005 | 20180131100437.0 | ||
| 008 | 180131s1981 bg |||| || | 000 0 ben d | ||
| 035 | _a(BD-JhCC)6845 | ||
| 040 |
_aBD-JhCC _dBD-JhCC |
||
| 041 | _aben | ||
| 082 |
_a954.92 _bUMR 1981 |
||
| 100 | _aউমর, বদরুদ্দীন | ||
| 245 |
_aযুদ্ধপূর্ব বাঙলাদেশ / _cবদরুদ্দীন উমর, |
||
| 260 |
_aঢাকা : _bমুক্তধারা প্রকাশনী, _c1981 |
||
| 300 |
_a339 p. : _c20 cm. |
||
| 650 |
_aHistory _zBangladesh |
||
| 942 |
_2ddc _cBK |
||